Rozwój malych przedsiebiorstw a ochrona konkurencji we wspolczesnej gospodarce rynkowej.
Dilema - ochrana pred monopolom a dominujúcou úlohou veľkých podnikov s tisíckami malých a stredných podnikov na trhu. Pomoc malým a stredným podnikom a jej prostriedky. Úloha štátu pri ochrane konkurencie v podmienkach súčasného trhového hospodárstva.
Salvato in:
| Autore principale: | |
|---|---|
| Natura: | Capitolo di libro |
| Lingua: | polacco |
| Soggetti: | |
| Tags: |
Nessun Tag, puoi essere il primo ad aggiungerne!!
|
MARC
| LEADER | 00000naa a2200000 4500 | ||
|---|---|---|---|
| 001 | r005336 | ||
| 005 | 20221125123205.5 | ||
| 041 | 0 | |a pol | |
| 044 | |a PL | ||
| 245 | 1 | 0 | |a Rozwój malych przedsiebiorstw a ochrona konkurencji we wspolczesnej gospodarce rynkowej. |c J. Wierzbolowski |
| 520 | |a Dilema - ochrana pred monopolom a dominujúcou úlohou veľkých podnikov s tisíckami malých a stredných podnikov na trhu. Pomoc malým a stredným podnikom a jej prostriedky. Úloha štátu pri ochrane konkurencie v podmienkach súčasného trhového hospodárstva. | ||
| 610 | 2 | 0 | |a podnik malý |
| 610 | 2 | 0 | |a podnik stredný |
| 610 | 2 | 0 | |a podnik veľký |
| 610 | 2 | 0 | |a konkurencia |
| 100 | 1 | |a Wierzbolowski, J. | |